000 00715nam a2200205 i 4500
001 112846
003 ES-MaACL
005 20250811062534.0
007 t|
008 061121s1985 sp a |||| | spa d
100 1 _aNuere, Enrique.
_986123
245 1 3 _aLa carpintería de lo blanco
_b: lectura dibujada del primer manuscrito de Diego López de Arenas /
_cEnrique Nuere.
260 _a[Madrid] :
_bMinisterio de Cultura,
_c1985.
300 _a289 p. :
_bil. ;
_c30 cm.
600 1 4 _aLopez de Arenas, Diego.
_9129061
650 4 _aArtesonados mudéjares-
_vObras anteriores a 1800 .
_9161278
710 1 _aEspaña.
_bMinisterio de Cultura
_93850
852 _aES-MaACL
_jL-10603
999 _c112846
_d112846